Pays par terminologie de chef d'état - Statistiques

Statistiques générales
  • Ce quiz a été pris 71 fois
    66 depuis la dernière actualisation
  • Le résultat moyen est 8 sur 13
Statistiques - réponses
Titre Pays % Correct
Chancelier Allemagne/Autriche
96%
Pape Vatican
94%
Émir Koweit/Qatar
91%
Sultan Brunei/Oman
70%
Prince Liechtenstein/Monaco
70%
Grand-duc Luxembourg
68%
Président de la Confédération Suisse
68%
Empereur Japon
66%
Coprinces Andorre
64%
Guide Suprême Corée du Nord
55%
Guide de la Révolution Iran
51%
Capitaines-régents Saint-Marin
11%
Président du collège présidentiel (triumvirat) Bosnie-Herzégovine
2%
Aucun quiz correspondant
Distribution des résultats
% des personnes avec chaque résultat
Percentile par nombre de réponses
Votre historique - résultats
Vous n’avez pas pris ce quiz depuis la dernière actualisation